The Irwin handbook of telecommunications / (Record no. 3917)
[ view plain ]
| 000 -LEADER | |
|---|---|
| fixed length control field | 00723nam a22002172 4500 |
| 001 - CONTROL NUMBER | |
| control field | 0000019406 |
| 005 - DATE AND TIME OF LATEST TRANSACTION | |
| control field | 20151217145913.0 |
| 008 - FIXED-LENGTH DATA ELEMENTS--GENERAL INFORMATION | |
| fixed length control field | 101115s xx 000 0 eng d |
| 020 ## - INTERNATIONAL STANDARD BOOK NUMBER | |
| International Standard Book Number | 0071452222 : |
| 040 ## - CATALOGING SOURCE | |
| Original cataloging agency | KABU |
| Transcribing agency | KABU |
| 100 1# - MAIN ENTRY--PERSONAL NAME | |
| Personal name | Green, James Harry. |
| -- | 0000179123 |
| 245 14 - TITLE STATEMENT | |
| Title | The Irwin handbook of telecommunications / |
| Statement of responsibility, etc. | James Harry Green. |
| 250 ## - EDITION STATEMENT | |
| Edition statement | 5th ed. |
| 260 ## - PUBLICATION, DISTRIBUTION, ETC. (IMPRINT) | |
| Place of publication, distribution, etc. | New York : |
| Name of publisher, distributor, etc. | McGraw-Hill, |
| Date of publication, distribution, etc. | 2005. |
| 300 ## - PHYSICAL DESCRIPTION | |
| Extent | xxxviii, 770 p. |
| 650 #0 - SUBJECT ADDED ENTRY--TOPICAL TERM | |
| Topical term or geographic name as entry element | Telecommunication systems |
| Geographic subdivision | United States. |
| -- | 0000179124 |
| 650 #0 - SUBJECT ADDED ENTRY--TOPICAL TERM | |
| Topical term or geographic name as entry element | Business enterprises |
| General subdivision | Communication systems. |
| Geographic subdivision | United States. |
| -- | 0000179125 |
| 852 1# - LOCATION | |
| -- | p11700 KES |
| 908 ## - PUT COMMAND PARAMETER (RLIN) | |
| Put command parameter | 101115 |
| 950 ## - LOCAL HOLDINGS (RLIN) | |
| -- | 1 |
| Withdrawn status | Lost status | Source of classification or shelving scheme | Not for loan | Home library | Current library | Date acquired | Total Checkouts | Full call number | Barcode | Date last seen | Date last checked out | Price effective from | Koha item type |
|---|---|---|---|---|---|---|---|---|---|---|---|---|---|
| Library of Congress Classification | Kabarak, Main Campus | Kabarak, Main Campus | 17/12/2015 | 1 | TK5102.3 .U6G74 2005 c. 2 | 23575 | 30/01/2026 | 28/08/2025 | 17/12/2015 | General Collection | |||
| Library of Congress Classification | Kabarak, Main Campus | Kabarak, Main Campus | 17/12/2015 | 2 | TK5102.3 .U6G74 2005 c. 1 | 23576 | 10/03/2020 | 10/01/2020 | 17/12/2015 | General Collection |